Представление документа в формате MARC21

Поле Инд. ПП Название Значение
Тип записи a
Библиографический уровень b
001 Контрольный номер RU/IS/BASE/354107886
005 Дата корректировки 20200522191444.6
008 Кодируемые данные 20110322
040 b Код языка каталог. rus
e Правила каталог. PSBO
041 0_ a Код языка текста rus
084 a Индекс другой классификации/Индекс ББК 60.001(4Гем)6; 66.1(4Гем)5-194
100 1_ a Автор Рахманов А. Б.
q Полное имя Рахманов Азат Борисович
245 10 a Заглавие Развитие взглядов К. Маркса и Ф. Энгельса на Россию
500 a Примечание Окончание. Начало см.: № 3 / 2010
504 a Библиография Библиогр.: с. 133
520 a Аннотация Статья посвящена анализу развития взглядов К. Маркса и Ф. Энгельса на Россию. Проблема отношения основателей марксизма активно обсуждается в современной российской науке. Автор показывает, что их взгляды на Россию изменялись в связи с развитием ситуации в мире и в России и в связи с развитием марксистской теории
600 a Персоналии Маркс Карл
a Персоналии Энгельс Фридрих
650 a Основная рубрика история политических учений
a Основная рубрика история философии
a Основная рубрика политика
a Основная рубрика социальная философия
a Основная рубрика философия
653 a Ключевые слова XIX век
a Ключевые слова Германия
a Ключевые слова капитализм
a Ключевые слова марксизм
a Ключевые слова революция
a Ключевые слова Россия
a Ключевые слова русофобия
a Ключевые слова феодализм
a Ключевые слова царизм
773 08 t Заглавие источника Вестник Московского университета. Серия 18, Социология и политология
d Дата издания источника 2010
g Прочая информация № 4. - С. 119 - 133
w Контрольный № источника RU/IS/BASE/349533681
901 t Тип документа b